logo

Bir Sreshtho Munshi Abdur Rouf Library
Jhenaidah Cadet College

পাবলো পিকাসো / (Record no. 12765)

MARC details
000 -LEADER
fixed length control field 00713nam a2200241 a 4500
001 - CONTROL NUMBER
JCCL Control Number 12765
003 - CONTROL NUMBER IDENTIFIER
JCCL marc code BD-JhCC
005 - DATE AND TIME OF LATEST TRANSACTION
control field 20230510175922.0
008 - FIXED-LENGTH DATA ELEMENTS--GENERAL INFORMATION
fixed length control field 180313s20162018bg a|||| ||a| 000 0 ben d
020 ## - INTERNATIONAL STANDARD BOOK NUMBER
International Standard Book Number 9847012005279
035 ## - SYSTEM CONTROL NUMBER
system control number (BD-JhCC)12765
040 ## - CATALOGING SOURCE
Original cataloging agency BD-JhCC
Modifying agency BD-JhCC
041 ## - LANGUAGE CODE
Language code of Book bengali
082 ## - DEWEY DECIMAL CLASSIFICATION NUMBER
Classification number 923
Author mark and Year CHO 2018
100 ## - MAIN ENTRY--PERSONAL NAME
Personal name চৌধুরী, ফকরুল
245 ## - TITLE STATEMENT
Title পাবলো পিকাসো /
Statement of responsibility, etc ফকরুল চৌধুরী ।
260 ## - PUBLICATION, DISTRIBUTION, ETC. (IMPRINT)
Place of publication, distribution, etc ঢাকা :
Name of publisher, distributor, etc কথাপ্রকাশ;
Date of publication, distribution, etc ২০১৮.
300 ## - PHYSICAL DESCRIPTION
Pagination 110 p. :
Dimensions 21 cm.
490 ## - SERIES STATEMENT
Series statement জীবনী গ্রন্থমালা
651 ## - SUBJECT ADDED ENTRY--GEOGRAPHIC NAME
Geographic name biography.
942 ## - ADDED ENTRY ELEMENTS (KOHA)
Source of classification or shelving scheme Dewey Decimal Classification
Koha item type Books
Koha issues (borrowed), all copies 1
Holdings
Source of classification or shelving scheme Damaged status Not for loan Home library Current library Shelving location Date of accession Cost, normal purchase price Total Checkouts Full call number Barcode Date last seen Date checked out Copy number Method of acquisition Koha item type Currency
Dewey Decimal Classification     JCC Rouf Library JCC Rouf Library General Stacks 05/10/2023 72.00 1 923 CHO 2018 17740 12/05/2023 12/04/2023 C-1 Purchase Books BDT

JCC Library | Contacts | JCC Home

Last Update on 23 September 2017
Copyright @ 2017-2020 JCC Rouf Library
Rouf Library, Jhenidah Cadet College (JCC), Bangladesh